000 00938cab a2200229 4500
001 X88240
008 090401t1997 xxu||||| |||| 00| 0 eng d
035 _a(Sirsi) u82626
041 _aeng
245 _aJohn A Pike (Butchers) Ltd v Independent Insurance Co Ltd
260 _c1997
350 _a0
490 _aEstates Gazette Case Summaries
_v1997 EGCS 162 (6/12/97)
520 _aCA 21 November 1997. Insured losing stock to burglars - whether theft within terms of policy - preliminary issues of whether entry via gates or forcing open of internal doors involved `entry to or exit from the building` - High Court answering issues in favour of insurer - CA allowing appeal. (Headnote from Journal)
650 _aBURGLARY
650 _aFORCED ENTRY
650 _aINSURANCE POLICY
650 _aJOHN A PIKE (BUTCHERS) LTD V INDEPENDENT INSURANCE CO LTD
690 _aINSURANCE-CASE LAW
942 _n0
948 _c10/12/1997
999 _c52190
_d52190